Fichajes Récord del Manchester City - Estadísticas

Estadísticas generales
  • Esta prueba ha sido intentada 26 veces
  • La puntuación promedio es 14 de 20
Estadísticas de respuestas
$$$ Temporada Viene de... Jugador % Correcto
117.500.000 2021/22 Aston Villa Jack Grealish
96%
76.000.000 2015/16 Wolfsburgo Kevin De Bruyne
96%
70.000.000 2019/20 Atlético Madrid Rodri
92%
65.000.000 2017/18 Athletic Club Aymeric Laporte
88%
50.000.000 2017/18 Mónaco Bernardo Silva
84%
60.000.000 2022/23 Borussia Dortmund Erling Haaland
84%
90.000.000 2023/24 Lepizig Josko Gvardiol
80%
71.600.000 2020/21 Benfica Rúben Dias
80%
67.800.000 2018/19 Leicester City Riyad Mahrez
76%
75.000.000 2024/25 Eintracht Frankfurt Omar Marmoush
72%
63.700.000 2015/16 Liverpool Raheem Sterling
72%
52.700.000 2017/18 Tottenham Kyle Walker
64%
54.900.000 2025/26 Milan Tijjani Reijnders
64%
60.000.000 2023/24 Stade Rennes Jérémy Doku
56%
52.000.000 2016/17 Schalke Leroy Sané
52%
60.000.000 2024/25 Oporto Nico González
52%
55.600.000 2016/17 Everton John Stones
48%
62.000.000 2023/24 Wolves Matheus Nunes
48%
57.500.000 2017/18 Mónaco Benjamin Mendy
44%
65.000.000 2019/20 Juventus João Cancelo
44%
No se encontraron pruebas coincidentes
Distribución de puntuación
Porcentaje de gente con cada puntuación
Porcentaje por número respondido
Historial de tus puntuaciones
No has intentado esta prueba.